000 00215 a2200097 4500
001 29891
100 _aStrother
245 _aPhysics with application in sciences
260 _a
_bHoughton
_c
090 _c19887
_d19887
942 _aNUST-CAE
_cM
_c10987
999 _c264964
_d264964